000 00652nmm a2200265 a 4500
003 AR-BaBNM
005 20251128203346.0
008 067119s1943 ||||||||||||||000 | spa||
040 _cAR-BaBNM
100 1 _aEscardó, Florencio
245 1 0 _aEnsayo sobre Eduardo Wilde
260 _aBuenos Aires
_bLautaro
_c1943
300 0 _a202 p.
_bláms.
650 4 _aLITERATURA ARGENTINA
650 4 _aBIOGRAFIAS
650 4 _aVIDA LITERARIA
650 4 _aGENERACION DE 1880
650 4 _aENSAYO
650 4 _aVIDA SOCIAL
650 4 _aSIGLO DIECINUEVE
650 4 _aCRITICA LITERARIA
655 _aLITERATURA
942 _cBK
998 _cMARTIN
999 _c3034
_d3034